000 01208nab a22002417a 4500
999 _c5503
_d5503
003 OSt
005 20251209144614.0
008 190502c xxu||||| |||| 00| 0 spa d
040 _cPJ
100 _94831
_aSandhagen, Alberto
245 1 0 _aUn comentario a la sentencia de la Corte Suprema en el caso "C." /
_cAlberto Sandhagen.
260 _aCiudad Autónoma de Buenos Aires :
_bThomson Reuters La Ley,
_c2025.
300 _ap. 61-74
500 _aCita Online: AR/DOC/2136/2025.
505 _aSumario: I. Objeto del trabajo.— II. Antecedentes del caso hasta llegar (inclusive) hasta la Corte Suprema.— III. Comentario sobre el caso "C." y la sentencia de la Corte Suprema de Justicia de la Nación.— IV. Reflexiones finales.
505 _tFallo comentado: CS ~ 08/05/2025 ~ C., O. C. s/ recurso extraordinario federal.
505 _t¿Te interesa el texto completo? Solicitalo al correo: koha@justierradelfuego.gov.ar
650 0 _9343
_aDERECHO PENAL
650 0 _92762
_aACCIDENTE DE TRÁNSITO
650 0 _92943
_aHOMICIDIO CULPOSO
773 0 _02729
_93180
_dBuenos Aires : LexisNexis, 2006-
_tRevista de derecho penal y procesal penal. Nº 10 - Octubre 2025
_z9875920622
942 _2udc
_cANA